000 00546nam a2200169 4500
001 107794
003 ES-MaACL
005 20230906184507.0
007 t|
008 061121s1945 ag r ||||1| spa d
100 1 _aMouchet, Enrique.
_983845
245 1 0 _aPsicopatología del pensamiento hablado
_b: el lenguaje interior y la afasia /
_cEnrique Mouchet.
260 _aBuenos Aires :
_bMédico-Quirúrgica,
_c1945.
300 _a276 p., 8 lám :
_bil. ;
_c24 cm.
852 _aES-MaACL
_jE-1098
_bR.22145
852 _aES-MaACL
_jE-361
_bR.22323
999 _c107794
_d107794